000 00467cam a22001337a 4500
008 180718b1970 xxu||||| |||| 00| 0 eng d
082 _aT3942x54 In2/Si/1969
100 _aTariff Commission
245 _aReport on the continuance of protection to the sericulture industry, Bombay, 1969
_cby Tariff Commission, India
260 _aDelhi
_bThe Manager of Publications
_c1970
300 _a118+p.
500 _aChairman: B.N. Banerji
700 _aBanerji, B.N. (Chairman)
999 _c489828
_d489828